Interpolation functors and duality
Αποθηκεύτηκε σε:
| Κύριος συγγραφέας: | |
|---|---|
| Άλλοι συγγραφείς: | |
| Μορφή: | Βιβλίο |
| Γλώσσα: | English |
| Δημοσίευση: |
Berlin :
Springer-Verlag,
c1986
|
| Σειρά: | Lecture notes in mathematics (Springer-Verlag)
; 1208 |
| Θέματα: | |
| Ετικέτες: |
Προσθήκη ετικέτας
Δεν υπάρχουν, Καταχωρήστε ετικέτα πρώτοι!
|
MARC
| LEADER | 00000nam a2200000 i 4500 | ||
|---|---|---|---|
| 001 | 1/64099 | ||
| 008 | 941103s1986 eng d | ||
| 020 | |a 3-540-16790-0 | ||
| 035 | |a 1993 |l 10046905 | ||
| 040 | |a GR-MY-UA |b gre |e aacr | ||
| 041 | 0 | |a eng | |
| 082 | 0 | |a 515.73 | |
| 100 | 1 | |a Kaijser, Sten. | |
| 245 | 1 | 0 | |a Interpolation functors and duality / |c Sten Kaijser, Joan Wick Pelletier |
| 260 | |a Berlin : |b Springer-Verlag, |c c1986 | ||
| 300 | |a iv, 167 p.; |c 25 cm. | ||
| 490 | 1 | |a Lecture notes in mathematics (Springer-Verlag) |v ; 1208 | |
| 500 | |a Includes bibliographical references and index | ||
| 650 | 0 | 0 | |a Linear topological spaces. |
| 650 | 0 | 0 | |a Functor theory. |
| 700 | 1 | |a Pelletier, Joan Wick |d 1942- | |
| 830 | 0 | |a Lecture notes in mathematics (Springer-Verlag) |v ; 1208 | |
| 852 | |a INST |b SAMOS |e 19941103 |h 515.73 KAI |p 005300007944 |q 005300007944 |t BK |y 0 | ||
| 909 | |a Σ |b 029103 | ||